000 02497cam a2200325 ia4500
003 SA-RiAUC
005 20250521081403.0
008 250519s1999 sy g b 001 0 ara c
024 0 _a00000000985833
024 0 _a00000000971298
040 _aSA-JeALM
_bara
_cSA-RiAUC
_dAE-DuMBRL
_erda
050 4 _b.M84 1999
082 0 4 _a260
_qSA-RiAUC
090 _a260
_b م ح م
100 1 _aمحمد، يوسف خطار،
_d1963-
_eمؤلف.
245 1 2 _aالموسوعة اليوسفية في بيان أدلة الصوفية /
_cفضيلة الشيخ يوسف خطار محمد.
250 _aالطبعة الثانية.
264 1 _aدمشق :
_bيوسف خطار محمد،
_c1999.
300 _a2 مجلد ؛
_c24 سم.
336 _aنص
_btxt
_2rdacontent
_3كتاب
337 _aبدون وسيط
_bn
_2rdamedia
338 _aمجلد
_bnc
_2rdacarrier
500 _aيشتمل على كشافات.
504 _aيشتمل على ببليوجرافية.
504 _aيشتمل على إرجاعات ببليوجرافية.
520 _aيتناول كتاب (الموسوعة اليوسفية في بيان أدلة الصوفية) والذي قام بتأليفه الشيخ يوسف خطار محمد، موضوع (الصوفية) هذا الكتاب يقول عنه مؤلفه:"إن الأمة الإسلامية في هذا الوقت تعيش في صراع مؤلم بين مؤيد ومنكر، وبين من يقول هذه سنة وهذه بدعة، وبهذا الصراع تركنا المهمة الأساسية ألا وهي أن يكون المسلمون صفا واحدا، كما قال المصطفى صلى الله عليه وسلم (مثل المؤمنين في توادهم وتراحمهم وتعاطفهم مثل الجسد إذا اشتكى منه عضو تداعى له سائر الجسد بالسهر والحمى) وهذا الصراع يتجلى في عدة مسائل لا غير، وكأن المكتبة الاسلامية لاتحوي إلا هذه المسائل، ففكرت أن أحسم هذا الأمر بشكل تام، وذلك بأنني جئت بالأدلة من الكتاب والسنة حتى لا ينكر على أحد وأقطع دابر هذا الأمر نهائيا. وإن جئت بأقوال العلماء والعارفين فإنما أتيت بها على سبيل الاستئناس.
650 7 _aالتصوف الإسلامي
_2aucsh
942 _2ddc
_cBOOK
_n0
949 _aSA-JeALM
_d250519
_uosman123
_n1
999 _c8195
_d8195